Outcomes based practical guide to thesis and capstone project writing / (Record no. 2509)

MARC details
000 -LEADER
fixed length control field 01030nam a22002537a 4500
005 - DATE AND TIME OF LATEST TRANSACTION
control field 20260211111744.0
008 - FIXED-LENGTH DATA ELEMENTS--GENERAL INFORMATION
fixed length control field 260211b |||||||| |||| 00| 0 eng d
020 ## - INTERNATIONAL STANDARD BOOK NUMBER
International Standard Book Number 978-621-406-342-0
082 ## - DEWEY DECIMAL CLASSIFICATION NUMBER
Classification number Fil. 808.066004 Ou94 2022
100 ## - MAIN ENTRY--PERSONAL NAME
Personal name Laviña, Charlemage G.
9 (RLIN) 227
245 ## - TITLE STATEMENT
Title Outcomes based practical guide to thesis and capstone project writing /
Statement of responsibility, etc. Charlemage Garcia Laviña, Renelina Delmo Mañabo, Gloria Dela Cruz Hernandez, Fe Larwa Hablanida, Alice Maldonado Lacorte, Jonalyn Gaza-Ebron
260 ## - PUBLICATION, DISTRIBUTION, ETC.
Place of publication, distribution, etc. Manila:
Name of publisher, distributor, etc. MIndshapers,
Date of publication, distribution, etc. c2022
300 ## - PHYSICAL DESCRIPTION
Extent viii, 257p.:
Other physical details ill.
541 ## - IMMEDIATE SOURCE OF ACQUISITION NOTE
Accession number 7892 c.1, 7893 c2
650 ## - SUBJECT ADDED ENTRY--TOPICAL TERM
Topical term or geographic name entry element Computer science - Research
9 (RLIN) 228
650 ## - SUBJECT ADDED ENTRY--TOPICAL TERM
Topical term or geographic name entry element Computer science - Authorship
9 (RLIN) 229
650 ## - SUBJECT ADDED ENTRY--TOPICAL TERM
Topical term or geographic name entry element Technical writing
9 (RLIN) 230
650 ## - SUBJECT ADDED ENTRY--TOPICAL TERM
Topical term or geographic name entry element Project methods in education
9 (RLIN) 231
700 ## - ADDED ENTRY--PERSONAL NAME
Personal name Mañabo, Renelina D.
Relator term author
9 (RLIN) 232
700 ## - ADDED ENTRY--PERSONAL NAME
Personal name Hernandez, Gloria D.
Relator term author
9 (RLIN) 233
700 ## - ADDED ENTRY--PERSONAL NAME
Personal name Hablanida, Fe L.
Relator term author
9 (RLIN) 234
700 ## - ADDED ENTRY--PERSONAL NAME
Personal name Lacorte, Alice M.
Relator term author
9 (RLIN) 235
700 ## - ADDED ENTRY--PERSONAL NAME
Personal name Ebron, Jonalyn G.
Relator term author
9 (RLIN) 236
Holdings
Withdrawn status Lost status Source of classification or shelving scheme Damaged status Not for loan Home library Current library Date acquired Total Checkouts Full call number Barcode Date last seen Copy number Price effective from Koha item type
    Dewey Decimal Classification     ctu-moalboal ctu-moalboal 06/20/2024   Fil. 808.066004 Ou94 2022 7892 02/11/2026 1 02/11/2026 Books-Filipiniana
    Dewey Decimal Classification     ctu-moalboal ctu-moalboal 06/20/2024   Fil. 808.066004 Ou94 2022 7893 02/11/2026 2 02/11/2026 Books-Filipiniana